| 000 | 00902nam a2200205Ii 4500 | ||
|---|---|---|---|
| 003 | JO-AjNU | ||
| 008 | 230605s9999||||xx |||||||||||||| ||und|| | ||
| 017 | _a1999/9/1534 | ||
| 040 |
_aJO-AjNU _bara _erda _cJO-AjNU |
||
| 041 | _aara | ||
| 050 | 1 | 4 | _aBP145 1998 |
| 100 | 3 |
_aالمجمع الملكي لبحوث الحضارة الإسلامية (مؤسسة آل البيت), _eauthor _947132 |
|
| 245 | 0 | 0 | _aالإجتهاد في الإسلام : بحوث الندوة التي عقدت في مسقط عاصمة سلطنة عمان 23-25 شعبان 1419هـ 12-14 ديسمبر 1998م |
| 264 | 3 | 1 | _aد.م: المجمع الملكي لبحوث الحضارة الإسلامية(مؤسسة آل البيت)، 1998 |
| 300 | _a940ص | ||
| 336 |
_atext _btxt _2rdacontent |
||
| 337 |
_aunmediated _bn _2rdamedia |
||
| 338 |
_avolume _bnc _2rdacarrier |
||
| 650 | 4 |
_aالاجتهاد- الاسلام _947133 |
|
| 999 |
_aA20553 _c24121 _d24121 |
||